000 01239nam a2200373 i 4500
001 32224
003 KOSZ 005
005 20240405063056.0
008 980713s1997 pl a |000 0 pol d
015 _aPB 1997/12853
040 _aWA N
_cWA N
_dKOSZ 005/HR
045 2 _bd1996
046 _k1997
080 _a338.22(438)
080 _a311.3(438)
080 _a(083.41)
245 0 0 _aGospodarka Polski w procesie transformacji 1996 r. /
_cred. Irena Wiśniowska].
260 _aWarszawa :
_bIRiSS,
_c1997.
300 _a244 s. :
_b1 faks., wykr. ;
_c25 cm.
380 _aKsiążki
388 _a1901-2000
388 _a1989-2000
490 1 _aRaporty / Instytut Rozwoju i Studiów Strategicznych,
_x1230-2848 ;
_v50.
648 _a1989-2000
648 _a1901-2000
650 7 _aTransformacja systemu społeczno-gospodarczego
651 4 _aPolska
655 4 _aDane statystyczne
658 _aGospodarka, ekonomia, finanse
700 1 _aWiśniowska, Irena
_eRedakcja
830 0 _aRaporty - Instytut Rozwoju i Studiów Strategicznych
_v50
856 _uhttp://koha.tu.koszalin.pl/cgi-bin/koha/opac-detail.pl?biblionumber=32224
_yKatalog online BPK
942 _2UKD
_cKS
999 _c32224
_d32224